[Event "Southend Easter U1400 rapid op 67th"]
[Site "Southend"]
[Date "2025.04.17"]
[Round "6"]
[White "Latypov, Robert"]
[Black "Chandalia, Pranav"]
[Result "0-1"]
[WhiteElo "806"]
[BlackElo "969"]
[PlyCount "122"]
[EventDate "2025.04.17"]
[EventType "swiss (rapid)"]
[EventRounds "6"]
[EventCountry "ENG"]
[SourceTitle "CB18_2025"]
[SourceDate "2025.04.30"]
[SourceVersion "1"]
[SourceVersionDate "2025.04.30"]
[SourceQuality "1"]

1. e4 c5 2. Nc3 e6 3. Nf3 d5 4. exd5 exd5 5. Bb5+ Nd7 6. Bxd7+ Bxd7 7. Qe2+ Qe7 8. Qxe7+ Bxe7 9. 0-0 0-0-0 10. Nxd5 Bc6 11. Nxe7+ Nxe7 12. d3 Bxf3 13. gxf3 Nf5 14. Be3 Nxe3 15. fxe3 Rd6 16. Rad1 Rb6 17. d4 cxd4 18. exd4 Rxb2 19. Rc1 Rxa2 20. Rfe1 Ra4 21. d5 Rd4 22. c4 a6 23. c5 Rxd5 24. c6 Rg5+ 25. Kh1 bxc6 26. Rxc6+ Kb7 27. Rc3 Rc8 28. Rb1+ Rb5 29. Rxb5+ axb5 30. Rd3 Ka6 31. Rd7 Rf8 32. Rd6+ Ka5 33. Kg1 b4 34. Kf1 Rb8 35. Rd5+ Ka4 36. Ke1 b3 37. Rd4+ Ka3 38. Rd2 b2 39. Ke2 b1Q 40. Rd3+ Rb3 41. Rd7 Qb2+ 42. Ke1 Re3+ 43. Kf1 Qe2+ 44. Kg1 Rd3 45. Rxd3+ Qxd3 46. Kg2 f6 47. h4 g5 48. hxg5 fxg5 49. Kg3 Qd6+ 50. Kg4 Qf6 51. Kg3 Qf5 52. Kf2 g4 53. Kg3 Qxf3+ 54. Kh4 Qf6+ 55. Kxg4 Kb3 56. Kh5 Qg7 57. Kh4 Kc3 58. Kh5 Kd4 59. Kh4 Ke4 60. Kh3 Kf3 61. Kh4 Qg4# 0-1